00535nam a2200181Ia 4500008004100000082001300041100002500054245003000079250000800109260004200117300001200159500002400171650001200195700002300207942000700230952010100237999001500338230524s9999 xx 000 0 und d a537bCHA aD.Chattopadhya96286 0aElectricity And Magnetism a5TH aCALCUTTAbNew Age Internationalc2004 aVII;546 aQuantity Number: 1 aPhysics a P.C.Rakshit96287 cBK 00104070aTATCLbTATCLcGENd2023-05-24l0o537 CHAp282r2023-05-24w2023-05-24yBKzCPEE5307 c8864d8864